000 02274nam a2200349Ia 4500
999 _c53694
_d53694
001 20742
003 GE_BSU
005 20210322113602.0
008 181216s2017||||ge |||||||||||||| ||geo||
020 _a9789941098802
040 _cGE_BSU
041 _ageo
080 _a94(479.224)+7+008 ი-88
245 _aისტორიულ-კულტურული ფასეულობები აფხაზეთში = Historical-cultural heritage in Abkhazia = Heritage historique et culturel en Abkhazie = Культурно-исторические ценности в Абхазии :
_bკრებული /
_cპროექტის ავტ. და მთ. რედ. - გამომც. ზურაბ ჯგუბურია ; რედ. : ნატო კორსანტია, ნინო ხოხობაია ; მთარგმნ. : ჯონ ედვარდ ჰორანი, თამარ ფხაკაძე, ზურაბ მაჩაბელი [და სხვ.]
250 _aმე-3 განახლებული გამოცემა.
264 _aთბილისი :
_b[?],
_c2017.
300 _a280 გვ. ;
_c28 სმ.
541 _h15 ლ.
653 _aაფხაზეთის ისტორია
653 _aაფხაზური ხელოვნება
653 _aაფხაზური კელტურა
653 _aისტორიულ - კულტურული ფასეულობები აფხაზეთში
653 _aHistorical-cultural heritage in Abkhazia
653 _aHeritage historique et culturel en Abkhazie
653 _a Культурно-исторические ценности в Абхазии
700 _a კორსანტია, ნატო
_eრედაქტორი
_910590
700 _a ხოხობაია, ნინო
_eრედაქტორი
_910591
700 _a ჰორანი, ჯონ ედვარდ
_eმთარგმნელი
_910592
700 _a ფხაკაძე, თამარ
_eმთარგმნელი
_910593
700 _aმაჩაბელი, ზურაბ
_eმთარგმნელი
_910594
942 _cBK
_2udc